| 000 | 00769cam a22002413a 4500 | ||
|---|---|---|---|
| 001 | 15293 | ||
| 003 | PGUSA | ||
| 005 | 20140828083328.0 | ||
| 008 | 050308s2005||||xxu|||||s|||||000 | eng d | ||
| 040 |
_aPGUSA _beng |
||
| 042 | _adc | ||
| 050 | 4 | _aGF | |
| 100 | 1 |
_aSemple, Ellen Churchill, _d1863-1932 |
|
| 245 | 1 | 0 |
_aInfluences of Geographic Environment : _bOn the Basis of Ratzel's System of Anthropo-Geography _h[electronic resource] / _cEllen Churchill Semple |
| 260 |
_bProject Gutenberg, _c2005 |
||
| 506 | _aPublic domain in the USA. | ||
| 516 | _aElectronic text | ||
| 653 | _aHuman beings -- Effect of environment on | ||
| 653 | _aHuman geography | ||
| 830 | 0 |
_aProject Gutenberg _v15293 |
|
| 856 | 4 | 0 | _uhttp://www.gutenberg.org/ebooks/15293 |
| 942 | _cEB | ||
| 999 |
_c244548 _d244548 |
||